| 000 | 00542nam a22001697a 4500 | ||
|---|---|---|---|
| 005 | 20251108164313.0 | ||
| 008 | 250721s9999 xx 000 0 ara d | ||
| 082 | 1 | 4 | _a416/محم |
| 100 | 1 | _aخفاجي، محمد عبد المنعم | |
| 245 | 1 | 0 |
_aموسيقى الشعر العربي : _bأوزانه و قوافيه / |
| 264 | 1 |
_aالقاهرة : _bمكتبة الكليات الأزهرية، _c[19-]. |
|
| 300 | _a183ص | ||
| 650 | 1 | 7 | _aاللغة العربية |
| 650 | 1 | 7 | _aعلم العروض |
| 942 |
_2ddc _cBK |
||
| 999 |
_c8821 _d8821 |
||